| 000 | 00329nam a2200133Ia 4500 | ||
|---|---|---|---|
| 005 | 20260328104312.0 | ||
| 008 | 260328s9999||||xx |||||||||||||| ||und|| | ||
| 100 | _aKrafft, Anthony | ||
| 245 | 0 |
_aArchitecture, Formes, Fonctions / _cAnthony Krafft |
|
| 260 | _bSuisse | ||
| 300 | _a273 p. | ||
| 650 | _aARQUITECTURA | ||
| 942 | _cBK | ||
| 999 |
_c11010 _d11010 |
||